Statistics for 500 Digits of Pi

Click here to take the quiz!

General Stats

  • This quiz has been taken 32,050 times
    (31,912 since last reset)
  • The average score is 226 of 500

Answer Stats

Digits% Correct
3.
99%
1
98%
4
98%
1
97%
5
97%
9
96%
2
95%
6
95%
5
94%
3
93%
5
93%
8
92%
9
91%
7
90%
9
90%
2
89%
3
89%
3
88%
8
88%
4
87%
6
87%
2
86%
6
86%
3
85%
3
85%
4
85%
3
84%
8
84%
2
83%
7
83%
5
82%
9
82%
0
81%
2
81%
1
80%
4
80%
8
80%
8
80%
1
79%
7
79%
9
79%
3
78%
6
78%
9
78%
9
78%
1
77%
3
77%
5
77%
7
77%
9
77%
0
76%
5
75%
8
75%
0
74%
2
74%
9
74%
4
73%
4
73%
4
73%
7
73%
9
73%
2
72%
5
72%
9
72%
0
71%
1
71%
3
71%
7
71%
8
71%
0
70%
2
70%
4
70%
6
70%
6
70%
0
69%
2
69%
6
69%
8
69%
8
69%
9
69%
2
68%
6
68%
8
68%
8
68%
9
68%
0
67%
0
67%
1
67%
1
67%
2
67%
2
67%
3
67%
3
67%
4
67%
4
67%
5
67%
7
67%
8
67%
6
66%
7
66%
8
65%
9
65%
1
64%
2
64%
4
64%
8
64%
0
63%
1
63%
5
63%
6
63%
8
63%
0
62%
2
62%
2
62%
3
62%
3
62%
8
62%
0
61%
3
61%
4
61%
4
61%
6
61%
6
61%
7
61%
8
61%
9
61%
0
60%
0
60%
1
60%
2
60%
2
60%
3
60%
4
60%
5
60%
5
60%
5
60%
6
60%
8
60%
9
60%
0
59%
1
59%
2
59%
2
59%
3
59%
4
59%
5
59%
5
59%
7
59%
8
59%
8
59%
9
59%
4
58%
8
58%
1
57%
1
57%
1
57%
4
57%
7
57%
0
56%
2
56%
5
56%
8
56%
0
55%
0
55%
1
55%
1
55%
2
55%
4
55%
7
55%
1
54%
2
54%
3
54%
5
54%
8
54%
9
54%
0
53%
1
53%
4
53%
5
53%
5
53%
5
53%
6
53%
9
53%
2
52%
2
52%
4
52%
4
52%
5
52%
6
52%
8
52%
9
52%
9
52%
0
51%
1
51%
3
51%
3
51%
4
51%
8
51%
9
51%
9
51%
6
50%
2
49%
4
49%
4
49%
1
48%
8
48%
8
48%
0
47%
5
47%
6
47%
7
47%
9
47%
3
46%
3
46%
5
46%
6
46%
9
46%
1
45%
4
45%
4
45%
6
45%
2
44%
4
44%
7
44%
8
44%
2
43%
4
43%
5
43%
6
43%
8
43%
3
42%
3
42%
6
42%
7
42%
8
42%
1
41%
1
41%
2
41%
3
41%
5
41%
6
41%
7
41%
7
41%
8
41%
0
40%
0
40%
1
40%
1
40%
2
40%
9
40%
9
40%
4
39%
4
39%
5
39%
6
39%
2
38%
3
38%
4
38%
5
38%
6
38%
6
38%
6
38%
8
38%
9
38%
0
37%
0
37%
1
37%
2
37%
3
37%
3
37%
4
37%
4
37%
4
37%
4
37%
5
37%
6
37%
6
37%
6
37%
8
37%
0
36%
0
36%
1
36%
1
36%
1
36%
2
36%
2
36%
2
36%
2
36%
3
36%
3
36%
3
36%
3
36%
4
36%
4
36%
6
36%
6
36%
7
36%
7
36%
8
36%
9
36%
9
36%
7
35%
0
34%
0
34%
2
34%
4
34%
5
34%
6
34%
6
34%
7
34%
8
34%
0
33%
1
33%
3
33%
6
33%
1
32%
5
32%
5
32%
7
32%
8
32%
8
32%
0
31%
0
31%
1
31%
2
31%
2
31%
4
31%
5
31%
8
31%
8
31%
9
31%
9
31%
0
30%
1
30%
1
30%
2
30%
2
30%
2
30%
4
30%
5
30%
6
30%
7
30%
8
30%
9
30%
9
30%
3
29%
3
29%
4
29%
5
29%
6
29%
6
29%
7
29%
8
29%
9
29%
0
28%
0
28%
0
28%
1
28%
1
28%
2
28%
3
28%
3
28%
3
28%
5
28%
6
28%
9
28%
0
27%
0
27%
0
27%
2
27%
3
27%
4
27%
4
27%
5
27%
5
27%
6
27%
6
27%
8
27%
8
27%
0
26%
1
26%
1
26%
1
26%
1
26%
1
26%
1
26%
2
26%
3
26%
4
26%
4
26%
4
26%
5
26%
5
26%
5
26%
6
26%
6
26%
8
26%
9
26%
9
26%
9
26%
4
25%
0
24%
0
24%
2
24%
3
24%
3
24%
3
24%
5
24%
6
24%
7
24%
7
24%
0
23%
1
23%
1
23%
2
23%
3
23%
5
23%
5
23%
5
23%
5
23%
7
23%
8
23%
9
23%
9
23%
9
23%
9
23%
0
22%
1
22%
1
22%
1
22%
1
22%
1
22%
1
22%
1
22%
1
22%
2
22%
3
22%
3
22%
3
22%
4
22%
5
22%
5
22%
6
22%
6
22%
7
22%
7
22%
8
22%
8
22%
9
22%
9
22%
0
21%
1
21%
2
21%
2
21%
3
21%
4
21%
4
21%
4
21%
6
21%
6
21%
7
21%
7
21%
7
21%
8
21%
9
21%
9
21%
9
21%
0
20%
1
20%
1
20%
1
20%
1
20%
1
20%
2
20%
2
20%
2
20%
2
20%
3
20%
3
20%
3
20%
4
20%
4
20%
5
20%
5
20%
5
20%
5
20%
6
20%
7
20%
7
20%
7
20%
7
20%
8
20%
8
20%
8
20%
8
20%
8
20%
9
20%
9
20%
9
20%
9
20%

Score Distribution

Percentile by Number Answered

Percent of People with Each Score

Your Score History

You have not taken this quiz since the last reset